000 00419nam a2200181Ia 4500
005 20250603145922.0
008 250603s9999 xx 000 0 und d
020 _a978-030-283-2
050 _aPR 9387.9 .I44/
100 _aIke, Vincent Chukwuemeka
245 4 _aThe potter’s wheel
260 _aIbadan
260 _bUniversity Press
260 _c2000
300 _a223 p
650 _aIbadan
942 _cBK
999 _c43240
_d43240